000 00867cam a2200229 i 4500
003 OSt
005 20260313112737.0
008 260312q19001999xx g 000 0 ara c
040 _aSA-JeALM
_bara
_cSA-RiAUC
_erda
082 0 4 _a306.4
_qSA-RiAUC
090 _aم ن 306.4
_bا ب و ح
100 1 _aأبو حديد، محمد فريد،
_d1893-1967
_eمؤلف.
245 1 2 _aالمواريث الثقافية في حياتنا /
_cمحاضرة للأستاذ محمد فريد أبو حديد.
264 1 _aالقاهرة :
_bمطبعة الازهر،
_c[1959]
300 _a20 صفحة ؛
_c29 سم
336 _aنص
_btxt
_2rdacontent
_3كتاب
337 _aبدون وسيط
_bn
_2rdamedia
338 _aمجلد
_bnc
_2rdacarrier
650 7 _aالثقافة العربية
_2aucsh
942 _2ddc
_cRBOOK COPY
_n0
949 _aSA-JeALM
_d260312
_umohamedma123
_n1
999 _c14542
_d14542